| 000 | 00685nam a2200133Ia 4500 | ||
|---|---|---|---|
| 008 | 171212s9999 xx 000 0 und d | ||
| 020 | _a9780833041548 | ||
| 100 | _aMarken, Richard S.;Taylor, William W.;Ausink, John A.;Hanser, Lawrence M.;Anderegg, Clarence R. | ||
| 245 |
_cMarken, Richard S.;Taylor, William W.;Ausink, John A.;Hanser, Lawrence M.;Anderegg, Clarence R. _aAbsorbing and Developing Qualified Fighter Pilots _bThe Role of the Advanced Simulator |
||
| 260 |
_bRAND Corporation _c2007 |
||
| 650 | _aFighter pilots -- Training of -- United States; United States. Air Force | ||
| 650 | _aManagement & Organizational Behavior | ||
| 856 | _uwww.jstor.org/stable/10.7249/mg597af | ||
| 999 |
_c351669 _d351669 |
||